000 01207nam a2200337 a 4500
999 _c480925
_d480925
001 NYPG93-B4938
003 ASAB
005 20190718064654.0
008 930125s1990 nyu i 000 0 eng d
010 _a88659800
020 _a0471840912
035 _a(WaOLN)nyp1667286
038 _aASAB
040 _aRPB
_cASAB
082 _a547.2
100 1 _aSmith, Janice G.
_918026
245 1 0 _aFieser and Fieser's Reagents for organic synthesis :
_bcollective index for volumes 1-22 /
_cJanice G. Smith, Mary Fieser.
260 _aNew York :
_bWiley,
_cc1990.
300 _avii, 669 p. ;
_c24 cm.
500 _aHalf title and title on spine: Reagents for organic synthesis.
500 _a"A Wiley-Interscience publication."
600 1 0 _aFieser, Louis Frederick,
_d1899-
_tReagents for organic synthesis
_vIndexes.
_918027
650 0 _aOrganic compounds
_xSynthesis
_vIndexes.
_918028
650 0 _aChemical tests and reagents
_vIndexes.
_918029
700 1 _aFieser, Mary,
_d1909-
_918030
700 1 _aFieser, Louis Frederick,
_d1899-
_tReagents for organic synthesis.
_918031
740 0 _aReagents for organic synthesis.
942 _2ddc
_cBK